000 00606nam a22002297a 4500
003 OSt
005 20140310181737.0
008 130208t xxu||||| |||| 00| 0 eng d
020 _a9712307468
050 _aLB 1135
_b.K17 1971
082 _aTR 155
_bK11 1971
100 _aKapunan, Rocio Reyes
_994
245 _aThe Psychology of adolescence /
_cRocio Reyes Kapunan.
260 _aManila
_bRex
_cc1971
300 _aviii, 204 p. ;
_c22.2 cm.
521 _aFaculty
541 _j1
562 _e1
600 _aKapunan, Rocio Reyes
_995
610 _aAdolescence
_9103
942 _2lcc
_cBK-TR
_kTR
999 _c2636
_d2636